| 000 | 01455 a2200265 4500 | ||
|---|---|---|---|
| 003 | Nust | ||
| 005 | 20230215125346.0 | ||
| 010 | _a 2001287090 | ||
| 020 | _a0195779835 | ||
| 035 | _a(DLC) 200128709 | ||
| 040 | _cNust | ||
| 082 | _a954.912,DUR | ||
| 100 | 1 |
_aDurand, Algernon George Arnold, _949963 |
|
| 245 | 1 | 4 |
_aThe making of a frontier : _bFive years' experiences and adventures in Gilgit, Hunza, Nagar Chitral, and the Eastern Hindu Kush / _cAlgernon Durand |
| 260 |
_aKarachi : _bOxford University Press, _c2001. |
||
| 300 |
_avii, 298 p. ; _c23 cm. |
||
| 505 | _aA Nission of Enquiry (Page-1), First Visit to Chital (Page-44), A Month in Chitral (Page-74), Establishment of the Gilgit Agency (Page-116), Visit to Hunza Nagar (Page-146), Second Visit to Chitral (Page-174), Dardistan (Page-198), Fluke Lore and Sport (Page-209), Administration and War (Page-226), The Hunza Nagar Expedition (Page-254), The Indus Valley Rising (Page-271). | ||
| 600 | 1 | 0 |
_aDurand, Henry Mortimer, _d1850-1924. _9109089 |
| 651 | 0 |
_aJammu and Kashmir (India) _xHistorical geography. _9109090 |
|
| 651 | 0 |
_aJammu and Kashmir (India) _xPolitics and government _y19th century. _9109091 |
|
| 700 | 1 |
_aForster, Oliver. _9109092 |
|
| 856 | 4 | 1 |
_3Publisher description _uhttp://www.loc.gov/catdir/enhancements/fy0611/2001287090-d.html |
| 856 | 4 | 1 |
_3Table of contents only _uhttp://www.loc.gov/catdir/enhancements/fy0611/2001287090-t.html |
| 942 |
_2ddc _cBK _k954.912,DUR |
||
| 999 |
_c186541 _d186541 |
||